000 00628nam a2200181 4500
008 070509s1990 mnu 000 0 eng
020 _a0800624289 :Php10 (AGST)
090 _aBV4501.2
_bJ63f
100 1 _aJohnson, Luke Timothy.
245 1 0 _aFaith's freedom :
_ba classic spirituality for contemporary Christians /
_cLuke T. Johnson.
260 _aMinneapolis :
_bFortress Press,
_cc1990.
300 _axi, 188 p. ;
_c22 cm.
650 4 _aChristian life.
650 4 _aSpiritual life
_xChristianity.
650 4 _aSpirituality.
951 _p30588
_x00034739
_oBV4501.2/J63f
_j070613111637500
_d2000-12-21
_cGC
999 _c29181
_d29181